书目信息 |
| 题名: |
企业信息战略
|
|
| 作者: | 王学东 著 | |
| 分册: | ||
| 出版信息: | 北京 科学出版社 2011.2 |
|
| 页数: | 13,289页 | |
| 开本: | 24cm | |
| 丛书名: | 现代信息资源管理丛书 | |
| 单 册: | ||
| 中图分类: | F270.7 | |
| 科图分类: | ||
| 主题词: | 企业管理--管理信息系统--研究 | |
| 电子资源: | ||
| ISBN: | 978-7-03-030047-8 | |
| 000 | 01053oam2 2200265 450 | |
| 001 | 351765 | |
| 005 | 20161017105627.99 | |
| 010 | @a978-7-03-030047-8@dCNY38.00 | |
| 100 | @a20110307d2011 em y0chiy50 ea | |
| 101 | 0 | @achi |
| 102 | @aCN@b110000 | |
| 105 | @ay z 000yy | |
| 106 | @ar | |
| 200 | 1 | @a企业信息战略@dEnterprise information strategy@f王学东著@zeng |
| 210 | @a北京@c科学出版社@d2011.2 | |
| 215 | @a13,289页@d24cm | |
| 225 | 2 | @a现代信息资源管理丛书 |
| 330 | @a本书从战略的高度,论述了企业信息战略的内涵、企业信息战略的形成模式、企业信息战略与企业战略的融合、企业信息战略与业务战略的关系,对企业信息战略环境分析、企业信息战略规划、企业信息系统战略、企业信息保障战略、企业知识产权战略、企业竞争情报战略等内容作了阐述,并对企业信息战略绩效评价进行了透彻的分析。 | |
| 410 | 0 | @12001 @a现代信息资源管理丛书 |
| 510 | 1 | @aEnterprise information strategy@zeng |
| 606 | 0 | @a企业管理@x管理信息系统@x研究 |
| 690 | @aF270.7@v5 | |
| 701 | 0 | @a王学东@f(1954~)@4著 |
| 801 | 0 | @aCN@bTANGWEI@c20161009 |
| 905 | @b0896405-9@dF270.7@e1313@f5 | |
| 企业信息战略=Enterprise information strategy/王学东著.-北京:科学出版社,2011.2 |
| 13,289页;24cm.-(现代信息资源管理丛书) |
| ISBN 978-7-03-030047-8:CNY38.00 |
| 本书从战略的高度,论述了企业信息战略的内涵、企业信息战略的形成模式、企业信息战略与企业战略的融合、企业信息战略与业务战略的关系,对企业信息战略环境分析、企业信息战略规划、企业信息系统战略、企业信息保障战略、企业知识产权战略、企业竞争情报战略等内容作了阐述,并对企业信息战略绩效评价进行了透彻的分析。 |
| ● |
| 相关链接 |
|
|
|
|
正题名:企业信息战略
索取号:F270.7/1313
 
预约/预借
| 序号 | 登录号 | 条形码 | 馆藏地/架位号 | 状态 | 备注 |
| 1 | 0896405 | 208964058 | 第一样本阅览室/ [索取号:F270.7/1313] | 在馆 | |
| 2 | 0896406 | 208964067 | 第一借阅区/ [索取号:F270.7/1313] | 在馆 | |
| 3 | 0896407 | 208964076 | 第一借阅区/ [索取号:F270.7/1313] | 在馆 | |
| 4 | 0896408 | 208964085 | 第一借阅区/ [索取号:F270.7/1313] | 在馆 | |
| 5 | 0896409 | 208964094 | 密集书库-海洋学院/ [索取号:F270.7/1313] | 在馆 |